Loading...
| Popular Culture | 0 | 2 | 0 | 0 | 20 | 38 | 43.00 | 0 | 1 | 0.00 | 0.00 |
| Philosophy | 0 | 2 | 0 | 0 | 20 | 38 | 68.50 | 0 | 1 | 0.00 | 0.00 |
| History - American | 0 | 2 | 0 | 0 | 20 | 55 | 65.50 | 0 | 1 | 0.00 | 0.00 |
| Science - Physics | 0 | 1 | 0 | 0 | 10 | 77 | 77.00 | 0 | 0 | 0.00 | 0.00 |
| History - Other | 0 | 1 | 0 | 1 | 10 | 110 | 110.00 | 0 | 0 | 0.00 | 0.00 |
| Religion | 0 | 1 | 0 | 0 | 10 | 88 | 88.00 | 0 | 0 | 0.00 | 0.00 |
| Literature - American | 0 | 0 | 0 | 0 | 0 | 0.00 | 0 | 0 | 0.00 | 0.00 | |
| Current Events | 0 | 0 | 1 | 0 | -5 | 0.00 | 0 | 0 | 0.00 | 0.00 | |
| Fine Arts - Other | 0 | 0 | 1 | 0 | -5 | 0.00 | 0 | 0 | 0.00 | 0.00 | |
| History - European | 0 | 0 | 1 | 0 | -5 | 0.00 | 0 | 0 | 0.00 | 0.00 | |
| Literature - World | 0 | 0 | 1 | 0 | -5 | 0.00 | 0 | 0 | 0.00 | 0.00 | |
| Mythology | 0 | 0 | 2 | 0 | -10 | 0.00 | 0 | 0 | 0.00 | 0.00 | |
| Literature - British | 0 | 0 | 2 | 0 | -10 | 0.00 | 0 | 0 | 0.00 | 0.00 |